Estadísticas para Capitales de paises del Mediterraneo

Haz click aquí para tomar la prueba!

Estadísticas generales

  • Esta prueba ha sido tomada 47 veces
  • La puntuación promedio es 16 de 22

Estadísticas de respuestas

País% Correcto
Madrid
97%
Roma
97%
Atenas
94%
París
91%
Tirana
85%
Ankara
82%
Rabat
82%
Zagreb
82%
Mónaco
79%
Argel
76%
Jerusalén
76%
Liubliana
76%
Túnez
76%
Beirut
73%
Sarajevo
73%
Cairo
70%
Podgorica
70%
Trípoli
70%
Damasco
64%
Valeta
55%
Nicosa
12%
Londres (Gibraltar)
3%

Distribución de puntuación

Porcentaje por número respondido

Porcentaje de gente con cada puntuación

Historial de tus puntuaciones

No has tomado esta prueba